| 000 | 01937nam a2200253 a 4500 | ||
|---|---|---|---|
| 001 | BRCA_8923 | ||
| 005 | 20190320210447.0 | ||
| 008 | 280617s1788----sp-#######---#000-0#spa-# | ||
| 041 | _aspa | ||
| 044 | _asp | ||
| 084 |
_aLE6 _b.E24 1788 |
||
| 100 | 1 |
_aEcharri, Francisco _921904 |
|
| 245 | 1 | 0 |
_aDirectorio moral del reverendo padre Fr. Francisco Echarri, del Orden de N.P.S. Francisco de la Regular Observancia _ctercera vez ilustrado con adiciones por via de notas, y exactamente corregido por Don Francisco Giron y Serrado, presbítero; Tomo primero. |
| 260 |
_aMadrid _bEn la Imprenta Real _c1788 |
||
| 300 |
_a528 p. (t.1) _c21.5 x 15.5 cm |
||
| 500 | _aCon las licencias necesarias | ||
| 500 | _aEstado físico: presenta encuadernación en pergamino, con lomo semi desprendido y cintas rotas | ||
| 500 | _aCon marca de fuego: “Procedencia de la marca: Convento de San Francisco Santa María del Pueblito de Querétaro(1). Institución: Orden de Frailes Menores. Provincia de San Pedro y San Pablo de Michoacán. Descripción: Monograma conformado por las iniciales “P”, “u”, “E” seguidas de “b”, “I”, “T” y “o” que se desata como Pueblito(2) dentro de un filete en forma de rombo. Observaciones: Krausse la incluye entre las marcas no identificadas. David Saavedra la identifica como del Convento Franciscano de Santa María del Pueblito, Villa Corregidora de Querétaro. Con el testimonio de pertenencia ubicado en este ejemplar se corrobora la atribución realizada por David Saavedra. Ubicación de la marca en el libro: Canto superior, inferior y lateral” | ||
| 650 | 1 | 4 |
_aTeología moral _yObras anteriores a 1800 _921355 |
| 700 | 1 |
_aGiron y Serrado, Francisco _921905 |
|
| 856 | _ahttp://www.marcasdefuego.buap.mx:8180/xmLibris/projects/firebrand/item.jsp?repository=marcas_de_fuego&key=marcas_de_fuego_franciscanas_20150618135223_2ccc.xml&num=124 | ||
| 902 | _aCFM | ||
| 942 |
_2lcc _cB |
||
| 999 |
_c8574 _d8574 |
||